Presidencialismo y parlamentarismo en América Latina /

-д хадгалсан:
Номзүйн дэлгэрэнгүй
Үндсэн зохиолч: Valenzuela, Arturo (autor)
Формат: Ном
Хэл сонгох:испани
Хэвлэсэн: México : Instituto Federal Electoral, 1999, c1999
Цуврал:(Temas de la Democracia. Conferencias Magistrales ; 8)
Нөхцлүүд:
Шошгууд: Шошго нэмэх
Шошго байхгүй, Энэхүү баримтыг шошголох эхний хүн болох!

MARC

LEADER 00000nam^a2200000^a^4500
001 000168958
005 20250521000000.0
009 20260310101218.841
020 |a 968-7750-61-8 
037 |a Acervo ITESO - Biblioteca 
041 |a ESP 
082 |a 321. 40980  |b VAL 
100 |a Valenzuela, Arturo  |e (autor) 
245 1 0 |a Presidencialismo y parlamentarismo en América Latina /  |c A. Valenzuela. 
264 4 |a México :  |b Instituto Federal Electoral,  |c 1999, c1999 
300 |a 54 p. 
336 |a texto  |b txt  |2 rdacontenido 
337 |a sin mediación  |b n  |2 rdamedio 
338 |a volumen  |b nc  |2 rdasoporte 
440 1 |a (Temas de la Democracia.  |p Conferencias Magistrales ;  |v 8) 
649 |a XX 
650 |a Presidencialismo -  |z Latinoamérica -  |x Historia 
650 |a Parlamentarismo -  |z Latinoamérica -  |x Historia 
650 |a Crisis Política -  |z Latinoamérica -  |x Historia 
650 |a Estabilidad Política -  |z Latinoamérica -  |x Historia 
650 |a Democracia -  |z Latinoamérica -  |x Historia 
650 |a Sistema Político -  |z Latinoamérica 
650 |a Política -  |z Latinoamérica -  |x Historia 
650 |a Política Comparada 
650 |a Latinoamérica -  |x Condiciones Políticas 
910 |a Fondo General 
920 |a Impresos - Libros 
930 |a Colección General 
905 |a 101 
901 |a 0500105548  |b IT1  |c ACC  |u 20250521 
902 |a https://opac.biblio.iteso.mx/vufind/Record/000168958